000
00247nam a22001097a 4500
008
230629b xxu||||| |||| 00| 0 eng d
082
_a
335.00
_b
THI
245
_a
Socialist Thought and Practice
260
_c
1977
300
_a
122p
942
_2
ddc
_c
BK
999
_c
2963
_d
2963